[Event "WinterChess masters IM enero 2013"]
[Site "Palma de Mallorca ESP"]
[Date "2013.01.18"]
[Round "6.1"]
[White "Dimitrijeski, Boris"]
[Black "Buscara, Sevan"]
[Result "1-0"]
[WhiteElo "2241"]
[BlackElo "2326"]
[PlyCount "155"]
[EventDate "2013.01.14"]
[EventType "tourn"]
[EventRounds "9"]
[EventCountry "ESP"]
[EventCategory "2"]
[Source "lmi"]
[SourceDate "2013.01.14"]

1. d4 d5 2. c4 c6 3. Nf3 Nf6 4. Qb3 dxc4 5. Qxc4 Bf5 6. g3 e6 7. Bg2 Nbd7 8.
O-O Be7 9. e3 O-O 10. Rd1 a5 11. Nc3 h6 12. Qe2 Bh7 13. e4 Bb4 14. Ne1 Re8 15.
Nd3 Qb6 16. a3 Bf8 17. Be3 Qa6 18. f3 b5 19. Bf1 Qb7 20. b4 axb4 21. axb4 Ra6
22. Nc5 Nxc5 23. dxc5 Rea8 24. Rxa6 Qxa6 25. Rd2 g5 26. g4 Bg7 27. Ra2 Qb7 28.
Rxa8+ Qxa8 29. Qa2 Qxa2 30. Nxa2 Ne8 31. Bd2 Nc7 32. Nc1 Kf8 33. Nb3 Ke7 34.
Kf2 Na6 35. Ke3 Kd7 36. Nd4 Nc7 37. Be1 Be5 38. h4 Bf4+ 39. Kd3 Nd5 40. hxg5
hxg5 41. Nc2 Ne7 42. Bd2 f6 43. Bc3 e5 44. Ne3 Bg8 45. Be2 Ng6 46. Bd1 Be6 47.
Ke2 Bg3 48. Ng2 Bc4+ 49. Ke3 Nh4 50. Ne1 Bf4+ 51. Kf2 Ng6 52. Be2 Bb3 53. Nd3
Nf8 54. Nxf4 gxf4 55. g5 Ke6 56. gxf6 Kxf6 57. Bf1 Be6 58. Bd2 Nh7 59. Bc3 Ng5
60. Bb2 Bb3 61. Be2 Ne6 62. Bf1 Ng5 63. Be2 Bc2 64. Bf1 Bb1 65. Be2 Bxe4 66.
fxe4 Nxe4+ 67. Kf3 Nd2+ 68. Kg4 Ke6 69. Bc1 Nb3 70. Bb2 Kd5 71. Kf5 Nd4+ 72.
Bxd4 Kxd4 73. Bf3 Kc4 74. Kxe5 Kxb4 75. Kd4 Ka3 76. Bxc6 b4 77. Be4 b3 78. c6
1-0

[Event "WinterChess masters IM enero 2013"]
[Site "Palma de Mallorca ESP"]
[Date "2013.01.18"]
[Round "6.2"]
[White "Simonian, Tigran"]
[Black "Mascaro March, Pedro"]
[Result "1/2-1/2"]
[WhiteElo "2409"]
[BlackElo "2385"]
[PlyCount "58"]
[EventDate "2013.01.14"]
[EventType "tourn"]
[EventRounds "9"]
[EventCountry "ESP"]
[EventCategory "2"]
[Source "lmi"]
[SourceDate "2013.01.14"]

1. d4 Nf6 2. c4 e6 3. Nf3 d5 4. Nc3 Be7 5. Bf4 O-O 6. e3 a6 7. Rc1 Nbd7 8. cxd5
exd5 9. Be2 c6 10. O-O Nh5 11. Be5 Nxe5 12. dxe5 g6 13. Qb3 Ng7 14. Rfd1 Ne6
15. a3 Nc5 16. Qa2 Bg4 17. e4 Bxf3 18. Bxf3 d4 19. b4 Qb8 20. bxc5 dxc3 21. Rd6
Bxd6 22. exd6 Qe8 23. Qb3 Qe5 24. Qxc3 Qxc3 25. Rxc3 Rfe8 26. g3 a5 27. a4 Kg7
28. Kf1 f5 29. Rc4 Re6 1/2-1/2

[Event "WinterChess masters IM enero 2013"]
[Site "Palma de Mallorca ESP"]
[Date "2013.01.18"]
[Round "6.4"]
[White "Lyell, Mark"]
[Black "Hirneise, Jens"]
[Result "0-1"]
[WhiteElo "2235"]
[BlackElo "2327"]
[PlyCount "76"]
[EventDate "2013.01.14"]
[EventType "tourn"]
[EventRounds "9"]
[EventCountry "ESP"]
[EventCategory "2"]
[Source "lmi"]
[SourceDate "2013.01.14"]

1. e4 c5 2. Nc3 Nc6 3. Bb5 Nd4 4. Bc4 e6 5. Nge2 Ne7 6. O-O Nec6 7. d3 a6 8.
Nxd4 cxd4 9. Ne2 b5 10. Bb3 Bc5 11. Bd2 O-O 12. Nf4 f5 13. Qh5 Qf6 14. Rae1 Bd6
15. f3 Rb8 16. Qh3 a5 17. Nh5 Qg6 18. c3 a4 19. Bc2 a3 20. bxa3 Bxa3 21. Bb3
dxc3 22. Bxc3 Bc5+ 23. Kh1 Bd4 24. Bd2 b4 25. Bf4 Rb5 26. Bd6 Re8 27. Bc4 Ra5
28. Ng3 fxe4 29. Rxe4 Be5 30. Rg4 Qf7 31. Ne4 Rd8 32. f4 Bxd6 33. Nxd6 Qf6 34.
Ne4 Qf8 35. Ng5 Qf5 36. d4 Ra3 37. Qh4 Ba6 38. Bxa6 Rxa6 0-1

[Event "WinterChess masters IM enero 2013"]
[Site "Palma de Mallorca ESP"]
[Date "2013.01.18"]
[Round "7.1"]
[White "Arvola, Benjamin"]
[Black "Dimitrijeski, Boris"]
[Result "1-0"]
[WhiteElo "2309"]
[BlackElo "2241"]
[PlyCount "109"]
[EventDate "2013.01.14"]
[EventType "tourn"]
[EventRounds "9"]
[EventCountry "ESP"]
[EventCategory "2"]
[Source "lmi"]
[SourceDate "2013.01.14"]

1. e4 e5 2. Nf3 Nc6 3. Nc3 Nf6 4. d4 exd4 5. Nxd4 Bb4 6. Nxc6 bxc6 7. Bd3 d5 8.
exd5 O-O 9. O-O cxd5 10. h3 Re8 11. Qf3 Be6 12. Bf4 Bd6 13. Rfe1 Rb8 14. Nb5
Bxf4 15. Qxf4 Rb7 16. b3 a6 17. Nd4 Rb6 18. a4 c5 19. a5 Rd6 20. Nf3 h6 21.
Rad1 d4 22. c4 Rd7 23. Re5 Qxa5 24. Nxd4 Qc7 25. Ne2 Red8 26. Nc1 Rd4 27. Qe3
a5 28. Re1 Nd7 29. Re4 Rxe4 30. Bxe4 a4 31. bxa4 Bxc4 32. Qc3 Be6 33. Bc2 Nb6
34. Nd3 Rc8 35. Ne5 c4 36. Bb1 Nd5 37. Qc2 Nf6 38. Nf3 Qa5 39. Re5 Rc5 40. Qb2
Nd7 41. Rxc5 Qxc5 42. Qc3 Nb6 43. Qc2 g6 44. Nh4 Kf8 45. Qd2 Kg7 46. Qc3+ Kg8
47. Qc2 Bf5 48. Nxf5 gxf5 49. Qc1 Kg7 50. Qc3+ f6 51. a5 Na4 52. Qg3+ Kf7 53.
Qf4 Nc3 54. Qxf5 Nxb1 55. Qxc5 1-0

[Event "WinterChess masters IM enero 2013"]
[Site "Palma de Mallorca ESP"]
[Date "2013.01.18"]
[Round "7.2"]
[White "Hirneise, Jens"]
[Black "Weimann, Maximilian"]
[Result "1-0"]
[WhiteElo "2327"]
[BlackElo "2157"]
[PlyCount "51"]
[EventDate "2013.01.14"]
[EventType "tourn"]
[EventRounds "9"]
[EventCountry "ESP"]
[EventCategory "2"]
[Source "lmi"]
[SourceDate "2013.01.14"]

1. e4 c5 2. Nf3 e6 3. Nc3 a6 4. d4 cxd4 5. Nxd4 Qc7 6. Bd3 Nc6 7. Nxc6 bxc6 8.
Qe2 Nf6 9. e5 Nd5 10. O-O Nxc3 11. bxc3 Bb7 12. Bf4 Be7 13. Rab1 a5 14. Qg4 Kf8
15. Bg5 Bxg5 16. Qxg5 c5 17. Rfe1 Rb8 18. Rb5 c4 19. Bf1 h6 20. Qc1 Ke7 21.
Qa3+ d6 22. Reb1 Rhd8 23. Rb6 Ke8 24. exd6 Qc8 25. Qxa5 Rd7 26. Qb4 1-0

[Event "WinterChess masters IM enero 2013"]
[Site "Palma de Mallorca ESP"]
[Date "2013.01.18"]
[Round "7.3"]
[White "Ivanov, Jordan"]
[Black "Lyell, Mark"]
[Result "0-1"]
[WhiteElo "2351"]
[BlackElo "2235"]
[PlyCount "82"]
[EventDate "2013.01.14"]
[EventType "tourn"]
[EventRounds "9"]
[EventCountry "ESP"]
[EventCategory "2"]
[Source "lmi"]
[SourceDate "2013.01.14"]

1. d4 d5 2. c4 Nc6 3. cxd5 Qxd5 4. e3 e5 5. Nc3 Bb4 6. Bd2 Bxc3 7. bxc3 Nf6 8.
Qb3 Qd6 9. Bc1 Be6 10. Ba3 Bxb3 11. Bxd6 Ba4 12. Bxc7 exd4 13. cxd4 Nb4 14. Rb1
Nc2+ 15. Ke2 Rc8 16. Rxb7 O-O 17. Nh3 Nd5 18. Ba5 Rfe8 19. Kd2 Ncxe3 20. Bb5
Bxb5 21. Rxb5 a6 22. Rxd5 Nxd5 23. Kd3 f6 24. Rb1 Re7 25. Bd2 Rec7 26. Rb3 Rc4
27. Ra3 Nb4+ 28. Bxb4 Rxb4 29. Nf4 Rd8 30. Ne2 Rd6 31. Rc3 Rb2 32. Rc8+ Kf7 33.
Rc7+ Kf8 34. Nc3 f5 35. Ke3 Re6+ 36. Kf3 Rc2 37. d5 Ree2 38. d6 Red2 39. Nd5
Rd3+ 40. Ne3 Rxc7 41. dxc7 Rc3 0-1

[Event "WinterChess masters IM enero 2013"]
[Site "Palma de Mallorca ESP"]
[Date "2013.01.18"]
[Round "7.4"]
[White "Mascaro March, Pedro"]
[Black "Gavilan Diaz, Mario"]
[Result "1-0"]
[WhiteElo "2385"]
[BlackElo "2255"]
[PlyCount "117"]
[EventDate "2013.01.14"]
[EventType "tourn"]
[EventRounds "9"]
[EventCountry "ESP"]
[EventCategory "2"]
[Source "lmi"]
[SourceDate "2013.01.14"]

1. d4 Nf6 2. c4 e6 3. Nf3 b6 4. g3 Bb7 5. Bg2 Be7 6. O-O O-O 7. Nc3 Ne4 8. Bd2
Bf6 9. Rc1 c5 10. Nxe4 Bxe4 11. Bc3 cxd4 12. Nxd4 Bxg2 13. Kxg2 a6 14. e3 Nc6
15. Nxc6 dxc6 16. Qxd8 Rfxd8 17. Bxf6 gxf6 18. Rfd1 f5 19. c5 Rxd1 20. Rxd1
bxc5 21. Rc1 Rb8 22. b3 Rb5 23. Rc4 Kf8 24. Kf3 Ke7 25. Ke2 Kd6 26. Ra4 a5 27.
Kd3 Rb4 28. Rxa5 c4+ 29. Kc3 cxb3 30. axb3 Rb7 31. Kc4 f6 32. Ra8 e5 33. Rd8+
Ke7 34. Rg8 Kd6 35. Ra8 Ke6 36. b4 Kd6 37. h4 Rg7 38. Rd8+ Rd7 39. Rh8 Ra7 40.
h5 Ra2 41. Rxh7 Rc2+ 42. Kd3 Rxf2 43. h6 Rh2 44. Rh8 Kc7 45. h7 Kb7 46. Kc3 Ka7
47. Kc4 Rc2+ 48. Kb3 Rh2 49. b5 cxb5 50. Kb4 Kb7 51. Kxb5 Rh5 52. Kc4 Rh6 53.
Kd5 Rh5 54. Ke6 f4 55. gxf4 exf4 56. exf4 Rh6 57. f5 Ka7 58. Rf8 Rxh7 59. Rf7+
1-0

[Event "WinterChess masters IM enero 2013"]
[Site "Palma de Mallorca ESP"]
[Date "2013.01.18"]
[Round "7.5"]
[White "Buscara, Sevan"]
[Black "Simonian, Tigran"]
[Result "0-1"]
[WhiteElo "2326"]
[BlackElo "2409"]
[PlyCount "52"]
[EventDate "2013.01.14"]
[EventType "tourn"]
[EventRounds "9"]
[EventCountry "ESP"]
[EventCategory "2"]
[Source "lmi"]
[SourceDate "2013.01.14"]

1. d4 d5 2. Bf4 Nf6 3. e3 c5 4. c3 Nc6 5. Nd2 Qb6 6. Qb3 c4 7. Qc2 Bg4 8. Be2
Bxe2 9. Nxe2 Qd8 10. O-O e6 11. e4 Nxe4 12. Nxe4 dxe4 13. Qxe4 Be7 14. Be5 O-O
15. Qg4 Nxe5 16. dxe5 Qc7 17. f4 Rad8 18. Ng3 Rd2 19. Rae1 Qc6 20. Ne4 Rxb2 21.
Kh1 Rd8 22. Re3 g6 23. Rh3 Kg7 24. Ng5 h6 25. Nf3 Rd3 26. Nd4 Rxd4 0-1

[Event "WinterChess masters IM enero 2013"]
[Site "Palma de Mallorca ESP"]
[Date "2013.01.19"]
[Round "8.1"]
[White "Dimitrijeski, Boris"]
[Black "Simonian, Tigran"]
[Result "1/2-1/2"]
[WhiteElo "2241"]
[BlackElo "2409"]
[PlyCount "55"]
[EventDate "2013.01.14"]
[EventType "tourn"]
[EventRounds "9"]
[EventCountry "ESP"]
[EventCategory "2"]
[Source "lmi"]
[SourceDate "2013.01.14"]

1. d4 Nf6 2. c4 e6 3. g3 d5 4. Nf3 Be7 5. Bg2 O-O 6. O-O dxc4 7. Qc2 a6 8. a4
Bd7 9. Qxc4 Bc6 10. Bf4 Nd5 11. Nc3 Nd7 12. Rfd1 Nxf4 13. gxf4 Nf6 14. Ne5 Bd5
15. Qd3 Bxg2 16. Kxg2 Nd5 17. e3 f6 18. Nf3 Qe8 19. Rac1 c6 20. Ne4 Rd8 21. Kh1
Kh8 22. Rg1 Qh5 23. Rg3 Rd7 24. Rcg1 Bb4 25. Qf1 Qf5 26. Qd3 Qh5 27. Qf1 Qf5
28. Qd3 1/2-1/2

[Event "WinterChess masters IM enero 2013"]
[Site "Palma de Mallorca ESP"]
[Date "2013.01.19"]
[Round "8.2"]
[White "Gavilan Diaz, Mario"]
[Black "Buscara, Sevan"]
[Result "0-1"]
[WhiteElo "2255"]
[BlackElo "2326"]
[PlyCount "87"]
[EventDate "2013.01.14"]
[EventType "tourn"]
[EventRounds "9"]
[EventCountry "ESP"]
[EventCategory "2"]
[Source "lmi"]
[SourceDate "2013.01.14"]

1. d4 g6 2. c4 Bg7 3. Nf3 d6 4. Nc3 Nf6 5. e4 O-O 6. Be2 Na6 7. O-O c5 8. d5
Nc7 9. Bf4 Nh5 10. Bg5 h6 11. Be3 Nf6 12. h3 a6 13. a4 b6 14. Rb1 Nfe8 15. Qd2
Kh7 16. b4 a5 17. bxc5 bxc5 18. Rfd1 Na6 19. Ne1 Nb4 20. Nd3 Nf6 21. e5 Nd7 22.
f4 Nb6 23. Nf2 Bf5 24. Rbc1 dxe5 25. fxe5 Bxe5 26. Bxc5 Bxc3 27. Rxc3 Nxa4 28.
Bd4 Nxc3 29. Bxc3 Qb6 30. g4 Bd7 31. Qf4 f5 32. g5 h5 33. Bd4 Qb8 34. Be5 Qe8
35. Nh1 Kg8 36. Ng3 e6 37. Bb2 Rf7 38. Bf6 exd5 39. cxd5 Nc2 40. Nf1 Qb8 41. d6
Qb6+ 42. Kh1 Re8 43. Be5 Nb4 44. Ng3 0-1

[Event "WinterChess masters IM enero 2013"]
[Site "Palma de Mallorca ESP"]
[Date "2013.01.19"]
[Round "8.3"]
[White "Lyell, Mark"]
[Black "Mascaro March, Pedro"]
[Result "1/2-1/2"]
[WhiteElo "2235"]
[BlackElo "2385"]
[PlyCount "48"]
[EventDate "2013.01.14"]
[EventType "tourn"]
[EventRounds "9"]
[EventCountry "ESP"]
[EventCategory "2"]
[Source "lmi"]
[SourceDate "2013.01.14"]

1. e4 e6 2. d4 d5 3. e5 c5 4. c3 Nc6 5. Nf3 Qb6 6. a3 Nh6 7. b4 cxd4 8. Bxh6
gxh6 9. cxd4 Bd7 10. Ra2 Rc8 11. Rc2 Bg7 12. Bd3 O-O 13. Nc3 f6 14. exf6 Rxf6
15. b5 Rxf3 16. bxc6 Rxd3 17. Qxd3 Rxc6 18. Rd2 Qa5 19. Ne2 Ra6 20. O-O Qxa3
21. Qb1 Rb6 22. Qd1 Ba4 23. Qe1 Bb5 24. Rc2 Rc6 1/2-1/2

[Event "WinterChess masters IM enero 2013"]
[Site "Palma de Mallorca ESP"]
[Date "2013.01.19"]
[Round "8.4"]
[White "Weimann, Maximilian"]
[Black "Ivanov, Jordan"]
[Result "0-1"]
[WhiteElo "2157"]
[BlackElo "2351"]
[PlyCount "56"]
[EventDate "2013.01.14"]
[EventType "tourn"]
[EventRounds "9"]
[EventCountry "ESP"]
[EventCategory "2"]
[Source "lmi"]
[SourceDate "2013.01.14"]

1. e4 c5 2. Nf3 e6 3. d4 cxd4 4. Nxd4 Nc6 5. Nc3 Qc7 6. g3 a6 7. Bg2 h5 8. h3
h4 9. g4 Nge7 10. Nde2 Ng6 11. O-O Bc5 12. a4 b6 13. Kh1 Bb7 14. Bg5 f6 15. Bd2
O-O-O 16. Na2 Nce5 17. b4 Be7 18. c4 Nxc4 19. Rc1 Kb8 20. Nd4 Rc8 21. Qe2 Nf4
22. Bxf4 Qxf4 23. Rxc4 Rxc4 24. Qxc4 Rc8 25. Qd3 Bd6 26. e5 Bxe5 27. Nf3 Bxf3
28. Qxf3 Qh2# 0-1

[Event "WinterChess masters IM enero 2013"]
[Site "Palma de Mallorca ESP"]
[Date "2013.01.19"]
[Round "8.5"]
[White "Arvola, Benjamin"]
[Black "Hirneise, Jens"]
[Result "1-0"]
[WhiteElo "2309"]
[BlackElo "2327"]
[PlyCount "89"]
[EventDate "2013.01.14"]
[EventType "tourn"]
[EventRounds "9"]
[EventCountry "ESP"]
[EventCategory "2"]
[Source "lmi"]
[SourceDate "2013.01.14"]

1. d4 Nf6 2. c4 e6 3. g3 Bb4+ 4. Bd2 c5 5. Nf3 b6 6. Bg2 Bb7 7. O-O O-O 8. d5
Bxd2 9. Qxd2 exd5 10. Nh4 Ne4 11. Qc2 Re8 12. Nc3 Na6 13. cxd5 Nb4 14. Qd1 Nxc3
15. bxc3 Na6 16. Qd2 d6 17. e4 Nc7 18. Nf5 Qf6 19. g4 Bc8 20. g5 Qd8 21. Ng3
Ba6 22. Rfe1 f6 23. h4 Bc8 24. f4 Rf8 25. Rf1 Ne8 26. Rae1 a6 27. e5 f5 28. h5
Ra7 29. e6 Qe7 30. Qd3 g6 31. Kf2 c4 32. Qxc4 Qc7 33. Qd4 Qg7 34. Rh1 Qxd4+ 35.
cxd4 Kg7 36. Rh3 Rc7 37. hxg6 Rc2+ 38. Ne2 Kxg6 39. Reh1 Rh8 40. Rh6+ Kg7 41.
Bh3 Rf8 42. Rxh7+ Kxh7 43. Bxf5+ Kg8 44. Bh7+ Kg7 45. Bxc2 1-0

[Event "WinterChess masters IM enero 2013"]
[Site "Palma de Mallorca ESP"]
[Date "2013.01.20"]
[Round "9.1"]
[White "Hirneise, Jens"]
[Black "Dimitrijeski, Boris"]
[Result "1-0"]
[WhiteElo "2327"]
[BlackElo "2241"]
[PlyCount "71"]
[EventDate "2013.01.14"]
[EventType "tourn"]
[EventRounds "9"]
[EventCountry "ESP"]
[EventCategory "2"]
[Source "lmi"]
[SourceDate "2013.01.14"]

1. e4 c6 2. d4 d5 3. exd5 cxd5 4. c4 Nf6 5. Nc3 Nc6 6. Bg5 dxc4 7. d5 Ne5 8.
Qd4 h6 9. Bf4 Ng6 10. Bxc4 Nxf4 11. Qxf4 g5 12. Qd2 Bg7 13. Bb3 Bf5 14. Nge2
O-O 15. O-O Qb6 16. Ng3 Bg6 17. Rae1 Qc5 18. Qe3 Qa5 19. Rd1 Qb4 20. h3 b5 21.
f4 gxf4 22. Rxf4 Qa5 23. Nf5 Bxf5 24. Rxf5 b4 25. Ne4 Nxe4 26. Qxe4 Qc7 27. Kh1
Qd6 28. Bc2 Rfc8 29. Rdf1 Bf6 30. Rxf6 exf6 31. Qh7+ Kf8 32. Qh8+ Ke7 33. Re1+
Kd7 34. Bf5+ Kc7 35. Rc1+ Kb6 36. Bxc8 1-0

[Event "WinterChess masters IM enero 2013"]
[Site "Palma de Mallorca ESP"]
[Date "2013.01.20"]
[Round "9.2"]
[White "Ivanov, Jordan"]
[Black "Arvola, Benjamin"]
[Result "1-0"]
[WhiteElo "2351"]
[BlackElo "2309"]
[PlyCount "163"]
[EventDate "2013.01.14"]
[EventType "tourn"]
[EventRounds "9"]
[EventCountry "ESP"]
[EventCategory "2"]
[Source "lmi"]
[SourceDate "2013.01.14"]

1. c4 Nf6 2. Nc3 g6 3. e4 d6 4. d4 Bg7 5. Bd3 O-O 6. Nge2 e5 7. d5 Nh5 8. O-O
f5 9. exf5 gxf5 10. Ng3 Nf4 11. Bxf4 exf4 12. Nh5 Bh6 13. Qf3 Nd7 14. Nxf4 Ne5
15. Qg3+ Qg5 16. Nce2 Bd7 17. Rad1 Rae8 18. Nd4 Qxg3 19. hxg3 Nxd3 20. Rxd3
Bxf4 21. gxf4 Re4 22. f3 Re7 23. Rb3 b6 24. Kf2 Rfe8 25. Ra3 a5 26. Rc3 Kf7 27.
Rcc1 Kf6 28. Rfe1 Rxe1 29. Rxe1 Rc8 30. b3 Rb8 31. a4 Rg8 32. Rh1 Kg6 33. Rh4
h5 34. Rh1 Rc8 35. Re1 Kf6 36. Kg3 Rg8+ 37. Kh3 Rc8 38. Kh4 Kf7 39. Re3 Kf6 40.
Re2 Rg8 41. Kh3 Rc8 42. Re3 Rg8 43. Ne2 h4 44. Nd4 Rg3+ 45. Kh2 Rg7 46. Re2 Rh7
47. Kh3 Rh8 48. Ne6 Bxe6 49. Rxe6+ Kf7 50. Kh2 Rh7 51. Re1 Rh8 52. Kg1 Kf6 53.
Kf2 Kf7 54. Rh1 Kg6 55. Rh3 Kf6 56. Kf1 Kg7 57. Ke2 Kf6 58. g4 Kg6 59. Kf2 Rh7
60. Rh1 h3 61. Kg3 Re7 62. Rxh3 Re3 63. g5 Rxb3 64. Rh6+ Kg7 65. Re6 Rb4 66.
Re7+ Kg6 67. Rxc7 Rxa4 68. Rc6 Rb4 69. Rxd6+ Kg7 70. Rc6 Rb1 71. d6 Kf7 72. c5
bxc5 73. Rxc5 a4 74. Rxf5+ Ke6 75. Ra5 Rg1+ 76. Kh4 Ra1 77. f5+ Kxd6 78. g6 a3
79. f6 Rf1 80. Rxa3 Ke6 81. Ra6+ Kf5 82. f7 1-0

[Event "WinterChess masters IM enero 2013"]
[Site "Palma de Mallorca ESP"]
[Date "2013.01.20"]
[Round "9.3"]
[White "Mascaro March, Pedro"]
[Black "Weimann, Maximilian"]
[Result "1-0"]
[WhiteElo "2385"]
[BlackElo "2157"]
[PlyCount "101"]
[EventDate "2013.01.14"]
[EventType "tourn"]
[EventRounds "9"]
[EventCountry "ESP"]
[EventCategory "2"]
[Source "lmi"]
[SourceDate "2013.01.14"]

1. d4 d5 2. Nf3 Nf6 3. c4 e6 4. Nc3 Bb4 5. cxd5 exd5 6. Bg5 Nbd7 7. e3 c5 8.
Be2 Qa5 9. O-O Bxc3 10. bxc3 c4 11. Qc2 Ne4 12. Rfc1 Nxg5 13. Nxg5 Nf6 14. e4
h6 15. Nf3 Nxe4 16. Bxc4 O-O 17. Bd3 Nf6 18. Qb3 Bg4 19. Ne5 Rac8 20. c4 dxc4
21. Bxc4 Rc7 22. h3 Bf5 23. g4 Be4 24. Nxf7 Rxc4 25. Rxc4 Bd5 26. Ne5 Ne4 27.
Rc5 Qxc5 28. dxc5 Bxb3 29. axb3 Nxc5 30. Rxa7 Nxb3 31. Rxb7 Nd4 32. Ng6 Rf6 33.
Rb8+ Kf7 34. Ne5+ Ke6 35. Re8+ Kd6 36. Kg2 Ne6 37. Nd3 Kd7 38. Ra8 Ke7 39. Kg3
Nd4 40. Ra7+ Kf8 41. Ra8+ Kf7 42. Ra7+ Kf8 43. f4 Ne2+ 44. Kf3 Ng1+ 45. Kg2 Ne2
46. f5 Nd4 47. Ne5 Kg8 48. Ng6 Ne6 49. fxe6 Rxg6 50. Ra8+ Kh7 51. e7 1-0

[Event "WinterChess masters IM enero 2013"]
[Site "Palma de Mallorca ESP"]
[Date "2013.01.20"]
[Round "9.4"]
[White "Buscara, Sevan"]
[Black "Lyell, Mark"]
[Result "1/2-1/2"]
[WhiteElo "2326"]
[BlackElo "2235"]
[PlyCount "86"]
[EventDate "2013.01.14"]
[EventType "tourn"]
[EventRounds "9"]
[EventCountry "ESP"]
[EventCategory "2"]
[Source "lmi"]
[SourceDate "2013.01.14"]

1. d4 d5 2. Bf4 c5 3. e3 Nc6 4. c3 Nf6 5. Nd2 Bf5 6. Qb3 Qd7 7. dxc5 e5 8. Bg3
Bxc5 9. Ngf3 Qe7 10. Bb5 Bd6 11. O-O O-O 12. Rfe1 a6 13. Bf1 b5 14. a4 Na5 15.
Qa2 b4 16. cxb4 Bxb4 17. Bxe5 Bxd2 18. Bxf6 Qxf6 19. Nxd2 Rab8 20. Qxd5 Nc6 21.
e4 Rfd8 22. Qxf5 Rxd2 23. Qxf6 gxf6 24. Bxa6 Rbxb2 25. Rf1 Na5 26. Rad1 Nb3 27.
Rxd2 Nxd2 28. Rc1 Rb4 29. Bb5 Nxe4 30. Bc6 Nc3 31. Ra1 Rc4 32. Bd7 Rd4 33. Be8
Re4 34. Bd7 Rd4 35. Bc6 Rc4 36. Bf3 Rxa4 37. Re1 Rd4 38. Re8+ Kg7 39. Re1 Kf8
40. Rc1 Ne4 41. g3 Ng5 42. Bh5 Rd3 43. Kg2 Ne4 1/2-1/2

[Event "WinterChess masters IM enero 2013"]
[Site "Palma de Mallorca ESP"]
[Date "2013.01.20"]
[Round "9.5"]
[White "Simonian, Tigran"]
[Black "Gavilan Diaz, Mario"]
[Result "1-0"]
[WhiteElo "2409"]
[BlackElo "2255"]
[PlyCount "63"]
[EventDate "2013.01.14"]
[EventType "tourn"]
[EventRounds "9"]
[EventCountry "ESP"]
[EventCategory "2"]
[Source "lmi"]
[SourceDate "2013.01.14"]

1. d4 Nf6 2. c4 e6 3. Nf3 b6 4. g3 Bb7 5. Bg2 Be7 6. O-O O-O 7. d5 exd5 8. Nh4
c6 9. cxd5 Nxd5 10. Nf5 Nc7 11. e4 d5 12. Nc3 Bf6 13. exd5 Nxd5 14. Ne4 Nd7 15.
Qc2 a5 16. Rd1 a4 17. Ned6 Qb8 18. Nxb7 Qxb7 19. Nd6 Qa7 20. Qxc6 Ne7 21. Qb5
Rab8 22. Nxf7 Nc5 23. Nd6 a3 24. Rb1 Qa4 25. b3 Qg4 26. Bxa3 Kh8 27. Qc4 Qg6
28. Ne4 Rbc8 29. Nxf6 Qxf6 30. Qd4 Qg6 31. Qd6 Qf7 32. Rb2 1-0